000 00955nam a22002417a 4500
003 UA-OsUOA
001 33367
007 ta
008 20041202b un ||||| |||| 00| 0 ukr d
090 _a902(477)
_bС48
942 _cBK
040 _aUA-OsUOA
_bukr
_cUA-OsUOA
_dUA-OsUOA
245 _aСлов'яно-руські старожитності Північного Лівобережжя
_bМатеріали історико-археологічного семінару, присвяченого 60-річчю від дня народження О. В. Шевчука (19-20 січня 1995 р., м. Чернігів)
_cРед. О. П.Моця О. П.Васюта В. П.Коваленко
300 _a112 с.
_bІлюстрації
955 _a0
041 _aukr
080 _a902(477)
020 _a5-7702-0937
260 _aЧернігів
_bСіверська думка
_c1995
044 _aUA
650 7 _2UDC
999 _c319835
_d319835